Trajektorija semantičeskogo dviženija korňa - rukh

Článok skúma praslovanský koreň -rukh- v epidigmatickom aspekte - v súhrne sémantických prechodov a transformácií.

Na minha lista:
Detalhes bibliográficos
Autor principal: Markova, Elena Michajlovna, 1960-
Formato: Capítulo de Livro
Idioma:russo
Assuntos:
Tags: Adicionar Tag
Sem tags, seja o primeiro a adicionar uma tag!

MARC

LEADER 00000naa$a2200000$$$4500
001 0298496
005 20240502084008.2
041 0 |a rus 
044 |a RU 
245 1 0 |a Trajektorija semantičeskogo dviženija korňa - rukh  |c Elena Michajlovna Markova 
520 |a Článok skúma praslovanský koreň -rukh- v epidigmatickom aspekte - v súhrne sémantických prechodov a transformácií. 
610 2 0 |a jazykoveda 
610 2 0 |a sémantika 
610 2 0 |a jazyky cudzie 
100 1 |a Markova, Elena Michajlovna, 1960-